| 000 | 00646nam a2200217 u 4500 | ||
|---|---|---|---|
| 005 | 20251203064011.0 | ||
| 008 | 190206s2004 ea 000 0 spa d | ||
| 020 | _a1595720154 (10 dígitos) | ||
| 020 | _a9781595720153 (13 dígitos) | ||
| 035 | _aUPN01000228827 | ||
| 049 | _aI | ||
| 050 | 4 |
_aPZ74.3 _bM6.8 |
|
| 100 | 1 |
_aMoreillon, Judi _942840 |
|
| 245 | 1 | 0 |
_aVamos a leer / _cJudi Moreillon ; il. Kyra Teis. |
| 260 |
_aE.U.A. : _bStar Bright Books, _cc2004. |
||
| 300 |
_a[16] p. : _bprincipalmente il. col. |
||
| 650 | 4 |
_aRimas infantiles _910247 |
|
| 650 | 4 |
_aIntereses en la lectura _94851 |
|
| 905 | _aInfantil | ||
| 999 |
_c200922 _d200922 |
||